000 00726cam a2200253 a 4500
001 33014
003 BD-RjUL
005 20211209051931.0
008 140429s1953 ii qrzp 0 a0eng
035 _a(BD-RjUL)33104
035 _a(BD-RjUL)
040 _aDLC
_beng
_cMnMULS
_dBD-RjUL
041 _aeng
082 0 0 _a297
_bISL V-27 1953
245 0 0 _aIslamic culture :
_ban english quarterly /
_cIslamic Culture Board.
_nVolume XXVII
260 _aHyderabad, Deccan :
_bArafat Press,
_c1953.
300 _a274 p. :
_bill. ;
_c25 cm..
650 0 _aIslam.
_9100325
650 0 _aIslamic civilization.
_9100326
710 2 _aIslamic Culture Board.
_9100328
942 _2ddc
_cBK
999 _c33014
_d33014